000
00307nam a2200133Ia 4500
008
190216s9999||||xx |||||||||||||| ||und||
100
_a
Irodov. I.E
245
0
_a
Basic Laws Of Electromagnetism
250
_a
1st Ed.
260
_b
Mir Publishers
_c
2001
300
_a
308
650
_a
Physics
942
_c
BK
999
_c
33808
_d
33808